000 00448nam a2200181Ia 4500
005 20250423095143.0
008 250422s9999 xx 000 0 und d
020 _a9788174092403
050 _aTK 3271 .U67/
100 _aUppal, S. L.
245 0 _aElectrical wiring estimating and costing
260 _aNew Delhi
260 _bKhanna Publishers
260 _c2016
300 _a912 p
650 _aElectric wiring, Interior.
942 _cBK
999 _c29406
_d29406